000 01213cam a22002535a 4500
001 L155116
008 120302e20120225xxk 000 0 eng d
035 _a(Sirsi) u155116
041 0 _aeng
100 1 _aElghamry, Nadia
245 0 0 _aFocus
_bEast of England
260 _c2012
490 _aEstates Gazette
_v(1208) 25 February 2012, 69-89(16)
520 _aAgents, developers and occupiers give their views on the Cambridge office market which appears to be recession-free with its unprecedent take up, rising rents, low supply and high demand. Assesses the impact the downsizing of the pharmaceutical industry and the tendency towards outsourcing is having on the science park market. Compares retail markets in Cambridge, Norwich and Ipswich. Looks at the impact enterprise zones are having on towns such as Lowestoft and Great Yarmouth. Market health check compares vacancy rates and prime total returns between Norwich, Ipswich, Cambridge and Peterborough.
590 _aKA
651 4 _aCambridgeshire
651 4 _aSuffolk
651 4 _aNorfolk
690 _aCommercial property
_96227
700 1 _aSimmons, Mark
700 1 _aSmulian, Mark
700 1 _aMeadwell, Stacey
942 _n0
999 _c83815
_d83815